[Event "De Verteuil Memorial 27th"]
[Site "Port of Spain"]
[Date "2019.11.11"]
[Round "5"]
[White "Noel, Roderick"]
[Black "Cobham, Marcus"]
[Result "0-1"]
[WhiteElo "1809"]
[BlackElo "2012"]
[PlyCount "66"]
[EventDate "2019.10.24"]
[EventType "swiss"]
[EventRounds "7"]
[EventCountry "TRI"]
[SourceTitle "CBM 195 Extra"]
[Source "ChessBase"]
[SourceDate "2020.05.31"]
[SourceVersion "1"]
[SourceVersionDate "2020.05.31"]
[SourceQuality "1"]

1. d4 e6 2. Nc3 Bb4 3. Bf4 b6 4. e4 d5 5. e5 c5 6. a3 Bxc3+ 7. bxc3 Qc7 8. Qg4 Ne7 9. Bd3 cxd4 10. cxd4 Qc3+ 11. Ke2 Qxa1 12. Be3 Ba6 13. h4 Bxd3+ 14. cxd3 Nbc6 15. Qh3 Nxd4+ 16. Bxd4 Qxd4 17. Nf3 Qb2+ 18. Ke3 Nf5+ 19. Kf4 Qxf2 20. Re1 Nd4 21. Qh1 Ne2+ 22. Rxe2 Qxe2 23. Qc1 0-0 24. Ne1 d4 25. Qb1 h5 26. Nf3 Qxg2 27. Nxd4 Qd2+ 28. Kf3 Rac8 29. Ke4 Rc1 30. Qb5 Re1+ 31. Ne2 Rxe2+ 32. Kd4 Rd8+ 33. Kc4 Qxd3+ 0-1

[Event "De Verteuil Memorial 22nd"]
[Site "Port of Spain"]
[Date "2014.11.13"]
[Round "4"]
[White "Noel, Roderick"]
[Black "Grant, Ian"]
[Result "1-0"]
[WhiteElo "1858"]
[BlackElo "1866"]
[PlyCount "87"]
[EventDate "2014.10.16"]
[EventType "swiss"]
[EventRounds "7"]
[EventCountry "TRI"]
[SourceTitle "EXT 2016"]
[Source "ChessBase"]
[SourceDate "2015.10.08"]
[SourceVersion "1"]
[SourceVersionDate "2015.10.08"]
[SourceQuality "1"]

1. d4 Nf6 2. c4 e5 3. dxe5 Ng4 4. Nf3 Bc5 5. e3 Nc6 6. Nc3 Ngxe5 7. Nxe5 Nxe5 8. Be2 0-0 9. 0-0 a5 10. Ne4 Be7 11. b3 d6 12. Bb2 Bf5 13. Ng3 Bd7 14. Qc2 Qc8 15. h3 f5 16. f4 Nc6 17. Nh5 Rf7 18. Rf3 Bh4 19. g3 Be7 20. Kh2 Qf8 21. Rg1 Nb4 22. Qd2 Bc6 23. Rff1 Bf6 24. Nxf6+ Rxf6 25. Bxf6 Qxf6 26. Bf3 b6 27. Bxc6 Rd8 28. Bb7 Rb8 29. a3 Rxb7 30. axb4 Ra7 31. Ra1 Kf8 32. bxa5 bxa5 33. Rxa5 Rxa5 34. Qxa5 c6 35. Qa8+ Kf7 36. Qb7+ Ke6 37. Qxc6 Qb2+ 38. Rg2 Qxb3 39. Qd5+ Ke7 40. Rd2 Qb6 41. c5 Qxc5 42. Qxc5 dxc5 43. Rd5 c4 44. Rc5 1-0

[Event "Barataria Qualifier1st"]
[Site "Barataria"]
[Date "2013.01.24"]
[Round "1"]
[White "Noel, Roderick"]
[Black "Jacobs, Carl"]
[Result "1-0"]
[WhiteElo "1895"]
[BlackElo "1523"]
[PlyCount "76"]
[EventDate "2013.01.24"]
[EventType "swiss"]
[EventRounds "3"]
[EventCountry "TRI"]
[SourceTitle "EXT 2024"]
[Source "ChessBase"]
[SourceDate "2023.10.10"]
[SourceVersion "1"]
[SourceVersionDate "2023.10.10"]
[SourceQuality "1"]

1. Nf3 d5 2. c4 e6 3. g3 Nf6 4. Bg2 Be7 5. 0-0 0-0 6. d3 c5 7. Nc3 d4 8. Ne4 Nxe4 9. dxe4 Nc6 10. e5 f6 11. exf6 Bxf6 12. Nd2 d3 13. Ne4 dxe2 14. Qxe2 Bd4 15. Bg5 Qc7 16. Nc3 a6 17. Rad1 b6 18. Bc1 Rb8 19. Be4 Bb7 20. Qg4 Qf7 21. Bf4 Ne5 22. Bxe5 Bxe5 23. Bxb7 Rxb7 24. Ne4 Rd7 25. Ng5 Qe7 26. Rxd7 Qxd7 27. Qe4 g6 28. Qxe5 Rf5 29. Qxe6+ Qxe6 30. Nxe6 Re5 31. Nf4 Re4 32. b3 Rd4 33. Re1 Kf7 34. Re2 g5 35. Ne6 Rd1+ 36. Kg2 Rd6 37. Nxg5+ Kg6 38. f4 Kf6 1-0

[Event "San Fernando Truspec Lumkin op"]
[Site "San Fernando"]
[Date "2009.12.09"]
[Round "3"]
[White "Noel, Roderick"]
[Black "Pouchet, Michael"]
[Result "0-1"]
[WhiteElo "1882"]
[BlackElo "2084"]
[PlyCount "74"]
[EventDate "2009.12.05"]
[EventType "swiss"]
[EventRounds "7"]
[EventCountry "TRI"]
[SourceTitle "EXT 2024"]
[Source "ChessBase"]
[SourceDate "2023.10.10"]
[SourceVersion "1"]
[SourceVersionDate "2023.10.10"]
[SourceQuality "1"]

1. d4 e6 2. c4 d5 3. Nc3 c5 4. e3 Nc6 5. Nf3 Nf6 6. Be2 Be7 7. 0-0 0-0 8. a3 b6 9. dxc5 bxc5 10. cxd5 exd5 11. Qc2 Bb7 12. Rd1 Qc7 13. Ng5 g6 14. Qa4 Rad8 15. Qh4 Ne5 16. f4 Nc4 17. e4 h5 18. e5 Nh7 19. e6 Nxg5 20. fxg5 fxe6 21. Bxc4 dxc4 22. Be3 Qc6 23. Qh3 Rd3 24. Rxd3 cxd3 25. Rf1 Rf5 26. Rxf5 exf5 27. Qg3 a6 28. h4 Bd6 29. Qh3 Be5 30. Bd2 c4 31. Nd1 Qe4 32. Ne3 Bxb2 33. Nxc4 Qxc4 34. Qg3 Qe4 35. Qb8+ Kh7 36. Qc7+ Bg7 37. Qg3 Be5 0-1

[Event "Caribbean op"]
[Site "Port of Spain"]
[Date "2009.08.07"]
[Round "6"]
[White "Hanoeman, Suradj"]
[Black "Noel, Roderick"]
[Result "1-0"]
[WhiteElo "1908"]
[BlackElo "1856"]
[PlyCount "53"]
[EventDate "2009.08.04"]
[EventType "swiss"]
[EventRounds "9"]
[EventCountry "TRI"]
[SourceTitle "EXT 2015"]
[Source "ChessBase"]
[SourceDate "2014.11.20"]
[SourceVersion "1"]
[SourceVersionDate "2014.11.20"]
[SourceQuality "1"]

1. d4 Nf6 2. c4 g6 3. Nc3 Bg7 4. e4 d6 5. f3 0-0 6. Bg5 e5 7. Nge2 h6 8. Be3 Nc6 9. d5 Ne7 10. Qd2 a6 11. Bxh6 b5 12. h4 Kh7 13. Bg5 Rh8 14. h5 gxh5 15. Ng3 Kg6 16. Bd3 bxc4 17. Bxc4 Bh6 18. Bxh6 Rxh6 19. 0-0-0 h4 20. f4 Ng4 21. f5+ Kf6 22. Be2 Rh8 23. Bxg4 hxg3 24. Rh6+ Rxh6 25. Qxh6+ Ng6 26. fxg6 Bxg4 27. Rf1+ 1-0